| 000 | 01039atm a2200445 4500 | ||
|---|---|---|---|
| 005 | 20241007093835.0 | ||
| 008 | 150511b2009 ch ||||| |||| 00| 0 spa d | ||
| 020 | _a9783833151941 | ||
| 041 | _aESP | ||
| 082 | _a611 A881a | ||
| 245 | _aAtlas de anatomía | ||
| 260 | _aEspaña | ||
| 260 | _bH.F.Ullmann | ||
| 260 | _c2009 | ||
| 300 | _a439 páginas | ||
| 300 | _bIlustraciones a color | ||
| 650 | _aANATOMÍA HUMANA | ||
| 650 | _aPIEL | ||
| 650 | _aMÚSCULOS | ||
| 650 | _aHUESOS | ||
| 650 | _aCRÁNEO | ||
| 650 | _aARTICULACIONES | ||
| 650 | _aENCÉFALO | ||
| 650 | _aSISTEMA NERVIOSO | ||
| 650 | _aOJO | ||
| 650 | _aOÍDO | ||
| 650 | _aÓRGANOS DEL OLFATO | ||
| 650 | _aÓRGANOS DEL GUSTO | ||
| 650 | _aVÍAS RESPIRATORIAS | ||
| 650 | _aCORAZÓN | ||
| 650 | _aSISTEMA LINFÁTICO | ||
| 650 | _aBAZO | ||
| 650 | _aSISTEMA DIGESTIVO | ||
| 650 | _aRIÑONES | ||
| 650 | _aVÍAS URINARIAS | ||
| 650 | _aSISTEMA HORMONAL | ||
| 650 | _aÓRGANOS SEXUALES | ||
| 650 | _aCÉLULA | ||
| 942 |
_cBK _2ddc |
||
| 999 |
_c5344 _d5344 |
||